000 00906cad a22002055a 4500
001 L153629
008 110811s2011 xxk 000 0 eng d
035 _a(Sirsi) u153629
041 0 _aeng
110 2 _aBNP Paribas Real Estate
_95715
245 0 0 _aUK total office occupancy costs
_bJuly 2011
260 _c2011
490 0 _aBNP Paribas Real Estate UK Total Office Occupancy Costs
_vJuly 2011-
520 _aProvides a high level view of rents, rates and service charges for grade A offices in 50 locations across the UK excluding Northern Ireland.
590 _aKA NTK
650 2 4 _aBNP PARIBAS REAL ESTATE UK TOTAL OFFICE OCCUPANCY COSTS
651 4 _aUnited Kingdom
_y
856 4 0 _uhttps://www.realestate.bnpparibas.co.uk/pages/etudes_sectorielles/resultrecherche_uk.php?s_wbg_menu=538&p=gb&l=en&t=defaut&toutes=1
_zView the item free of charge at www.realestate.bnpparibas.co.uk
942 _n0
999 _c83344
_d83344